Telugu letters - Statistics

General Stats
  • This quiz has been taken 32 times
  • The average score is 22 of 49
Answer Stats
Hint Answer % Correct
ka
75%
ba
75%
i
67%
va
67%
ha
67%
bha
67%
ga
67%
ē
58%
la
58%
pa
58%
aM అం
58%
kha
58%
u
50%
ya
50%
dha
50%
gha
50%
na
50%
ja
50%
Ru
50%
sa
50%
jha
50%
Na
50%
ma
50%
ra
50%
a
50%
pha
50%
e
42%
Ta
42%
au
42%
aH అః
42%
tha
42%
La
42%
cha
33%
śa
33%
ā
33%
ō
33%
o
33%
ta
33%
ai
33%
ū
33%
Da
25%
Dha
25%
ca
25%
da
25%
ī
25%
nga
25%
ña
25%
Tha
17%
Sa
0%
No matching quizzes found
Score Distribution
Percent of People with Each Score
Percentile by Number Answered
Your Score History
You have not taken this quiz